Religion, state, and society in medieval India (Record no. 3193)

MARC details
000 -LEADER
fixed length control field 01077 a2200265 4500
003 - CONTROL NUMBER IDENTIFIER
control field dpl
005 - DATE AND TIME OF LATEST TRANSACTION
control field 20090302113822.0
008 - FIXED-LENGTH DATA ELEMENTS--GENERAL INFORMATION
fixed length control field 090302t xxu||||| |||| 00| 0 eng d
010 ## - LIBRARY OF CONGRESS CONTROL NUMBER
LC control number ENG-85636
020 ## - INTERNATIONAL STANDARD BOOK NUMBER
International Standard Book Number 0195696603
Terms of availability 375.00
035 ## - SYSTEM CONTROL NUMBER
System control number EN-69169
037 ## - SOURCE OF ACQUISITION
Source of stock number/acquisition D.B.Act / Pub
040 ## - CATALOGING SOURCE
Original cataloging agency DPL
Transcribing agency DPL
082 ## - DEWEY DECIMAL CLASSIFICATION NUMBER
Classification number 954.02
100 ## - MAIN ENTRY--PERSONAL NAME
Personal name Nurul Hasan, S.
245 ## - TITLE STATEMENT
Title Religion, state, and society in medieval India
Remainder of title collected works of S. Nurul Hasan
Statement of responsibility, etc edited and with an introduction by Satish Chandra.
260 ## - PUBLICATION, DISTRIBUTION, ETC. (IMPRINT)
Place of publication, distribution, etc New Delhi
Name of publisher, distributor, etc Oxford University Press
Date of publication, distribution, etc 2005.
300 ## - PHYSICAL DESCRIPTION
Extent viii, 335 p. :
Other physical details map ;
Dimensions 22 cm. (Hb.)
500 ## - GENERAL NOTE
General note Includes index
651 ## - SUBJECT ADDED ENTRY--GEOGRAPHIC NAME
Geographic name India
General subdivision History
Chronological subdivision 1000-1765.
700 ## - ADDED ENTRY--PERSONAL NAME
Personal name Chandra, Satish,
Dates associated with a name 1922-
942 ## - ADDED ENTRY ELEMENTS (KOHA)
Institution code [OBSOLETE] dpl
Koha item type English Books
Call number prefix 954.02 / REL
Source of classification or shelving scheme Dewey Decimal Classification
Classification part 954.02
Call number suffix REL
Holdings
Withdrawn status Lost status Source of classification or shelving scheme Damaged status Not for loan Collection code Home library Current library Source of acquisition Cost, normal purchase price Total Checkouts Full call number Barcode Date last seen Copy number Uniform Resource Identifier Cost, replacement price Price effective from Koha item type Date acquired Total Renewals Date checked out
    Dewey Decimal Classification   Not For Loan Non-fiction D.B.Act.Division D.B.Act.Division DBAD/PUB 375.00   954.02 EN-69169 15/09/2008 1 3400 375.00 15/09/2008 English Books      
    Dewey Decimal Classification     Non-fiction Vinoba Puri Vinoba Puri   375.00 12 954.02 REL B-317485 23/09/2017 1   375.00 02/03/2009 English Books 02/03/2009 2 09/09/2017

© Delhi Public Library
Hit Counter
free hit counter